000 03711nab a2200361 i 4500
003 BR-BrBNA
005 20250113163042.0
008 250113b2017 bl.mr|pooa||| 00| 0 eng |
040 _aBR-BrBNA
_beng
072 _aF08
_b1930
100 _aSantos, Márcia Vitória
100 _aFerreira, Evander Alves
100 _aValadão, Daniel
100 _aOliveira, Fabiana Lopes Ramos de
100 _aMachado, Vitor Diniz
100 _aSilveira, Raul Ribeiro
100 _aSouza, Matheus de Freitas
245 _aBrachiaria physiological parameters in agroforestry systems
500 _aPublicação on-line; 12 ref.; 3 tables; Sumaries (En, Pt)
520 _a ABSTRACT - This study aimed to assess the effects of Eucalyptus and maize shading on characteristics related to water use by Brachiaria in agroforestry systems. Treatments were arranged in a split-split-plot design, with plots consisting of different spacing between Eucalyptus plants (12.0×2.0m and 12.0×4.0m), split-plots of different distances between Brachiaria and Eucalyptus (6.0, 4.0, and 2.0m), and split-split-plots of Brachiaria sowing sites (maize row and inter-row). One treatment with Brachiaria under full sunlight was included. Bread grass intercropping in maize inter-rows associated with the densest Eucalyptus spacing and bread grass proximity to Eucalyptus tree crowns adversely affected the stomatal conductance, internal carbon, and transpiration rate of bread grass. Water use efficiency of bread grass intercropped in maize rows decreased, regardless of the Eucalyptus plot design and distance between forages and trees. Key words: Urochloa brizantha, production physiology, crop-livestock-forest integration.
520 _a RESUMO - O objetivo desta pesquisa foi avaliar os efeitos do sombreamento ocasionado por plantas de eucalipto e milho nas características relacionadas ao uso da água da braquiária em sistema agrossilvipastoril. O experimento foi realizado no delineamento em blocos casualizados, com quatro repetições. Os tratamentos foram arranjados em esquema de parcelas subsubdivididas, comas parcelas representadas constituídas pelos espaçamentos de plantio do eucalipto (12x2 e 12x4m), as sub-parcelas da distância da braquiaria e o eucalipto (6; 4 e 2m) e a subparcela do local de cultivo da braquiária (linha e entrelinha do milho). Além disso, foi adicionado um tratamento composto pela braquiária cultivada a pleno sol. O cultivo do capim-maradu na entrelinha do milho associado ao sombreamento intenso proporcionado pelo espaçamento mais adensado de eucalipto (12x2m) e a proximidade das plantas de capim-marandu às copas das árvores de eucalipto altera negativamente a condutância estomática, o carbo interno e a taxa transpiratória das plantas de capim-marandu. A eficiência no uso da água das plantas de capim - maradu é reduzida independente do arranjo espacial do eucalipto e da distância entre aforrageira e as árvores quando a forrageira é cultivada na linha do milho. Palavras-chave: Uroclhoa brizantha, fisiologia da produção, integração lavoura-pecuária-floresta.
650 _aBRACHIARIA
650 _aGRAMÍNEA FORRAGEIRA
650 _aLAVOURA
650 _aPECUÁRIA
650 _aFLORESTA
650 _aINTEGRAÇÃO
650 _aSOMBREAMENTO
773 0 _02408
_9346531
_dSanta Maria-RS Universidade Federal de Santa Maria - Centro de Ciências Rurais 1991
_o2024-7202
_tCiência Rural (Brazil)
_x0103-8478 Versão online ISSN 1678-4596
_gv. 47(5) p. 1-6; (2017)
_wBR2024004134
856 _uhttps://www.scielo.br/j/cr/a/7GzJk8SHJsVw4mgvtMWfQfR/?format=pdf&lang=en
942 _cANA
999 _c329569
_d329569